Visualizzazione normale
Vista MARC
- Last James
di Personal Name
Records bibliografici associati: 1
001 - CONTROL NUMBER
- control field: 3973
003 - CONTROL NUMBER IDENTIFIER
- control field: IT-RoPau
005 - DATE AND TIME OF LATEST TRANSACTION
- control field: 20131127114424.0
008 - FIXED-LENGTH DATA ELEMENTS
- fixed length control field: 131127|| aca||aabn | a|a d
040 ## - CATALOGING SOURCE
- Original cataloging agency: IT-RoPau
- Transcribing agency: IT-RoPau
100 ## - HEADING--PERSONAL NAME
- Personal name: Last James
670 ## - SOURCE DATA FOUND
- Source citation: Work cat.: (IT-RoPau)101186: Last James, Russia-Between Day and Night (Lp 2371 293 L)